• Asociaciones de empresarios

di Topical Term

Records bibliografici associati: 1

001 - CONTROL NUMBER

  • control field: 18796

003 - CONTROL NUMBER IDENTIFIER

  • control field: IT-RoINE

005 - DATE AND TIME OF LATEST TRANSACTION

  • control field: 20201103071417.0

008 - FIXED-LENGTH DATA ELEMENTS

  • fixed length control field: 150429|| aca||aabn | a|a d

040 ## - CATALOGING SOURCE

  • Original cataloging agency: IT-RoINE
  • Transcribing agency: IT-RoINE

150 ## - HEADING--TOPICAL TERM

  • Topical term or geographic name as entry element: Asociaciones de empresarios
  • Geographic subdivision: España
  • Geographic subdivision: Castilla y León
  • General subdivision: Historia
  • Chronological subdivision: 1874-1902 (Restauración)

670 ## - SOURCE DATA FOUND

  • Source citation: Work cat.: (IT-RoINE)0: Calvo Caballero, Pilar 18795, Asociacionismo y cultura patronales en Castilla y León durante la Restauración (1876-1923) /, 2003.